| 000 | 00715nam a2200229Ia 4500 | ||
|---|---|---|---|
| 003 | GCL | ||
| 008 | 140319s9999 xx 000 0 ara d | ||
| 040 |
_aGCL / _cGCL |
||
| 082 | 0 | 4 |
_a025.34 _bج ا |
| 100 | 1 | _aجمال الخولى | |
| 245 | 1 | 0 |
_aاثبات الملكية فى الوثائق العربية فى علم الدبلوماتيك العربى / _cجمال الخولى |
| 260 |
_aالقاهرة : _bالدار المصرية اللبنانية ، _c1994 |
||
| 300 | _a255 | ||
| 490 | _a | ||
| 650 | 0 | 4 | _aالحيازة |
| 650 | 0 | 4 | _aالملكية |
| 650 | 0 | 4 | _aالوثائق |
| 650 | 0 | 4 | _aالتوثيق |
| 650 | 0 | 4 | _aالمكتبات |
| 650 | 0 | 4 | _aحق الملكية |
| 942 |
_2ddc _cBK |
||
| 999 |
_c32288 _d32288 |
||